| 000 | 00503nam a2200169 a 4500 | ||
|---|---|---|---|
| 001 | 000024742 | ||
| 005 | 20200930023336.0 | ||
| 008 | 110203s1965 xxu r 001 0 spa d | ||
| 040 |
_aDO-SdBNP _bspa _cBNPHU |
||
| 082 |
_ann* _bnn* |
||
| 245 | 0 | 0 |
_a500 ilustraciones / _cCompilación de Alfredo Lerín. |
| 260 |
_aEstados Unidos de América : _bCasa Bautista, _c1965. |
||
| 300 |
_a324 p. ; _c19 cm. |
||
| 500 | _aIncluye índice de asuntos. | ||
| 700 | 1 |
_aLerín, Alfredo, _ecomp. _950766 |
|
| 049 | _aBNGR | ||
| 999 |
_c24235 _d24235 |
||